| 000 | 00950nam a2200181Ia 4500 | ||
|---|---|---|---|
| 008 | 151202s9999||||xx |||||||||||||| ||und|| | ||
| 082 | _bPNVM-72586 | ||
| 100 | _aवासुदेवानंद सरस्वती | ||
| 245 | _aअज्ञान तिमिर दीपक अर्थात ईश्वर प्राप्तीचा सोपा मार्ग | ||
| 260 | _bगजानन बुक डेपो | ||
| 260 | _c0 | ||
| 300 | _a143 | ||
| 600 | _aवासुदेवानंद सरस्वती | ||
| 630 | _aअज्ञान तिमिर दीपक अर्थात ईश्वर प्राप्तीचा सोपा मार्ग | ||
| 700 | _aवासुदेवानंद सरस्वती | ||
| 730 | _aअज्ञान तिमिर दीपक अर्थात ईश्वर प्राप्तीचा सोपा मार्ग | ||
| 942 | _cBOOK | ||
| 999 |
_c1339251 _d1339248 |
||